000 00554nam a22001937a 4500
003 KOHA_MİRAKIL
005 20251116171421.0
008 251116b tu ||||| |||| 00| 0 tur d
020 _a9786257030830
040 _aTR-AnABB
_btur
_cTR-AnABB
041 _atur
082 _a891.4315
_bTAG 2021
100 1 _aTagore, Rabindranath,
_d1861-1941
245 1 0 _aMeyve hasadı /
_cRabindranath Tagore
260 _aAnkara :
_bDoğu Batı Yayınları,
_c2021
300 _a103 sayfa ;
_c21 cm
650 0 4 _aHint edebiyatı, roman
942 _2ddc
_cBK
999 _c9465
_d9465
900 _bGizem YORULMAZ